[Event "Titled Tuesday intern op 06th Feb Late"]
[Site "Chess.com INT"]
[Date "2024.02.06"]
[Round "4"]
[White "Oglaza, Oskar"]
[Black "Martinez Alcantara, Jose Eduardo"]
[Result "0-1"]
[WhiteElo "2304"]
[BlackElo "2610"]
[PlyCount "82"]
[EventDate "2024.02.06"]
[EventType "swiss (blitz)"]
[EventRounds "11"]
[EventCountry "USA"]
[SourceTitle "CB07_2024"]
[SourceDate "2024.02.14"]
[SourceVersion "1"]
[SourceVersionDate "2024.02.14"]
[SourceQuality "1"]

1. e4 c5 2. Nf3 d6 3. d4 cxd4 4. Nxd4 a6 5. Be3 e6 6. Nc3 Nf6 7. h3 h5 8. g3 Bd7 9. Bg2 Nc6 10. 0-0 Be7 11. Qe2 Rc8 12. Rad1 Ne5 13. Kh1 Qc7 14. f4 Nc4 15. Bc1 b5 16. b3 Nb6 17. Bb2 b4 18. Nb1 d5 19. Nd2 dxe4 20. Nxe4 Nbd5 21. Nxf6+ Nxf6 22. Rf2 0-0 23. f5 e5 24. Nf3 e4 25. Ne5 Bb5 26. Qe3 Rfd8 27. Rfd2 Rxd2 28. Rxd2 Bd6 29. Rxd6 Qxd6 30. Bd4 Rd8 31. c3 bxc3 32. Bxc3 Nd5 33. Qd4 Nxc3 34. Qxc3 Qd4 35. Qc7 Rf8 36. f6 gxf6 37. Nc6 Bxc6 38. Qxc6 e3 39. Qf3 Rd8 40. Qxh5 Qd1+ 41. Qxd1 Rxd1+ 0-1

[Event "Titled Tuesday intern op 30th May Late"]
[Site "Chess.com INT"]
[Date "2023.05.30"]
[Round "8"]
[White "Bilan, Danila"]
[Black "Oglaza, Oskar"]
[Result "0-1"]
[WhiteElo "2303"]
[BlackElo "2304"]
[PlyCount "56"]
[EventDate "2023.05.30"]
[EventType "swiss (blitz)"]
[EventRounds "11"]
[EventCountry "USA"]
[SourceTitle "CBM 214 Extra"]
[Source "ChessBase"]
[SourceDate "2023.07.31"]
[SourceVersion "1"]
[SourceVersionDate "2023.07.31"]
[SourceQuality "1"]

1. d4 Nf6 2. Nf3 g6 3. Bg5 Ne4 4. Bh4 Bg7 5. c3 c5 6. e3 cxd4 7. cxd4 Qa5+ 8. Nc3 0-0 9. Bxe7 Re8 10. Bh4 Nc6 11. Qb3 Nxd4 12. Nxd4 Bxd4 13. Rc1 b5 14. Qxb5 Bxc3+ 15. bxc3 Qxa2 16. Qe2 Qa3 17. Qc2 Rb8 18. Bd3 Rb2 19. Qd1 Nxc3 20. Qf3 Re2+ 21. Bxe2 Qxc1+ 22. Bd1 Bb7 23. Qg4 h5 24. Qd4 Bxg2 25. Rg1 Bf3 26. Bf6 Nxd1 27. Qd2 Qb1 28. Rg3 Nc3+ 0-1

[Event "Titled Tuesday intern op 30th May Late"]
[Site "Chess.com INT"]
[Date "2023.05.30"]
[Round "6"]
[White "Golubev, Mikhail"]
[Black "Oglaza, Oskar"]
[Result "1-0"]
[WhiteElo "2461"]
[BlackElo "2304"]
[PlyCount "61"]
[EventDate "2023.05.30"]
[EventType "swiss (blitz)"]
[EventRounds "11"]
[EventCountry "USA"]
[SourceTitle "CBM 214 Extra"]
[Source "ChessBase"]
[SourceDate "2023.07.31"]
[SourceVersion "1"]
[SourceVersionDate "2023.07.31"]
[SourceQuality "1"]

1. e4 c5 2. Nf3 d6 3. d4 cxd4 4. Nxd4 Nf6 5. Nc3 a6 6. Bc4 Nbd7 7. 0-0 b5 8. Bb3 Nc5 9. Re1 Nxb3 10. axb3 Bb7 11. Bg5 e6 12. Nd5 exd5 13. exd5+ Kd7 14. c4 g6 15. Qf3 Bg7 16. Nc6 Bxc6 17. dxc6+ Kc7 18. cxb5 h6 19. b6+ Kxb6 20. Be3+ Kc7 21. Bd2 a5 22. Bxa5+ Rxa5 23. Rxa5 Qb8 24. Re7+ Kb6 25. Ra4 Rc8 26. Rb4+ Kc5 27. Rxb8 Rxb8 28. c7 Rc8 29. Qb7 Nd5 30. Qxc8 Nxe7 31. Qd7 1-0

[Event "Titled Tuesday intern op 30th May Late"]
[Site "Chess.com INT"]
[Date "2023.05.30"]
[Round "7"]
[White "Oglaza, Oskar"]
[Black "D'Arruda, Ricardo D"]
[Result "1-0"]
[WhiteElo "2304"]
[BlackElo "2271"]
[PlyCount "61"]
[EventDate "2023.05.30"]
[EventType "swiss (blitz)"]
[EventRounds "11"]
[EventCountry "USA"]
[SourceTitle "CBM 214 Extra"]
[Source "ChessBase"]
[SourceDate "2023.07.31"]
[SourceVersion "1"]
[SourceVersionDate "2023.07.31"]
[SourceQuality "1"]

1. e4 c5 2. Nf3 Nc6 3. d4 cxd4 4. Nxd4 e5 5. Nb5 a6 6. Nd6+ Bxd6 7. Qxd6 Qe7 8. Qd1 Nf6 9. Nc3 d6 10. Bg5 Be6 11. Qd2 0-0 12. Bd3 h6 13. Be3 Rac8 14. 0-0-0 Nb4 15. h3 Nxa2+ 16. Nxa2 Bxa2 17. g4 Nh7 18. Rdg1 Rfd8 19. g5 hxg5 20. h4 gxh4 21. Bh6 g6 22. f4 exf4 23. Qxf4 Bc4 24. Bxc4 Rxc4 25. Rxh4 d5 26. Qf5 Rxe4 27. Rxg6+ fxg6 28. Qxg6+ Kh8 29. Bg5 Rg8 30. Bf6+ Rg7 31. Qxh7# 1-0

[Event "Titled Tuesday intern op 31st Jan Early"]
[Site "Chess.com INT"]
[Date "2023.01.31"]
[Round "3"]
[White "Boros, Denes"]
[Black "Oglaza, Oskar"]
[Result "1-0"]
[WhiteElo "2402"]
[BlackElo "2304"]
[PlyCount "49"]
[EventDate "2023.01.31"]
[EventType "swiss (blitz)"]
[EventRounds "11"]
[EventCountry "USA"]
[SourceTitle "CBM 212 Extra"]
[Source "ChessBase"]
[SourceDate "2023.03.31"]
[SourceVersion "1"]
[SourceVersionDate "2023.03.31"]
[SourceQuality "1"]

1. d4 Nf6 2. Nc3 d5 3. Nf3 g6 4. Bf4 Bg7 5. Nb5 Na6 6. c3 c6 7. Na3 Nc7 8. h3 0-0 9. e3 Re8 10. Be2 Ne4 11. 0-0 Ne6 12. Bh2 h6 13. Ne5 Nf8 14. c4 f6 15. Nd3 e6 16. Rc1 g5 17. Bh5 Re7 18. b4 Bd7 19. f3 Be8 20. fxe4 dxe4 21. Bxe8 Qxe8 22. Nc5 f5 23. d5 exd5 24. cxd5 cxd5 25. Qxd5+ 1-0

[Event "Titled Tuesday intern op 01st Nov Early"]
[Site "Chess.com INT"]
[Date "2022.11.01"]
[Round "5"]
[White "Oglaza, Oskar"]
[Black "Fernandez, Gerardo"]
[Result "1-0"]
[WhiteElo "2304"]
[BlackElo "2169"]
[PlyCount "71"]
[EventDate "2022.11.01"]
[EventType "swiss (blitz)"]
[EventRounds "11"]
[EventCountry "USA"]
[SourceTitle "EXT 2024"]
[Source "ChessBase"]
[SourceDate "2023.10.10"]
[SourceVersion "1"]
[SourceVersionDate "2023.10.10"]
[SourceQuality "1"]

1. e4 e6 2. d4 d5 3. Nc3 Nc6 4. Nf3 Nf6 5. e5 Ne4 6. Bd3 Bb4 7. Bd2 Nxd2 8. Qxd2 f6 9. exf6 Qxf6 10. a3 Bxc3 11. bxc3 0-0 12. 0-0 Bd7 13. Rae1 Rae8 14. Ne5 Re7 15. f4 Nb8 16. g4 Ree8 17. g5 Qd8 18. Qe3 c5 19. Bxh7+ Kxh7 20. Qh3+ Kg8 21. g6 Rf6 22. Qh7+ Kf8 23. Qh8+ Ke7 24. Qxg7+ Kd6 25. Nf7+ Rxf7 26. gxf7 Rf8 27. f5 exf5 28. Qe5+ Kc6 29. dxc5 Rxf7 30. Qd6+ Kb5 31. Rb1+ Ka5 32. Rf4 Rg7+ 33. Kf1 Bb5+ 34. Rxb5+ Kxb5 35. Rb4+ Ka5 36. Qxd8+ 1-0

[Event "Titled Tuesday intern op 01st Nov Early"]
[Site "Chess.com INT"]
[Date "2022.11.01"]
[Round "6"]
[White "Oglaza, Oskar"]
[Black "Sargsyan, Anna M"]
[Result "0-1"]
[WhiteElo "2304"]
[BlackElo "2384"]
[PlyCount "58"]
[EventDate "2022.11.01"]
[EventType "swiss (blitz)"]
[EventRounds "11"]
[EventCountry "USA"]
[SourceTitle "EXT 2024"]
[Source "ChessBase"]
[SourceDate "2023.10.10"]
[SourceVersion "1"]
[SourceVersionDate "2023.10.10"]
[SourceQuality "1"]

1. e4 c6 2. d4 d5 3. Nc3 dxe4 4. Nxe4 Nd7 5. Nf3 Ngf6 6. Qe2 Nxe4 7. Qxe4 Nf6 8. Qh4 Bf5 9. c3 e6 10. Be2 Be7 11. Qg3 0-0 12. Ne5 Ne4 13. Qf3 f6 14. Nd3 Qd7 15. h4 h6 16. g4 Bh7 17. Bf4 c5 18. dxc5 e5 19. Be3 Nxc3 20. bxc3 e4 21. Ne5 fxe5 22. Qg3 Qc7 23. g5 Kh8 24. gxh6 gxh6 25. Rd1 Bxc5 26. Bxc5 Qxc5 27. Rd7 Rg8 28. Qh3 Raf8 29. Rh2 Bf5 0-1

[Event "Titled Tuesday intern op 04th Oct Late"]
[Site "Chess.com INT"]
[Date "2022.10.04"]
[Round "7"]
[White "Wieczorek, Oskar"]
[Black "Oglaza, Oskar"]
[Result "1-0"]
[WhiteElo "2504"]
[BlackElo "2304"]
[PlyCount "67"]
[EventDate "2022.10.04"]
[EventType "swiss (blitz)"]
[EventRounds "11"]
[EventCountry "USA"]
[SourceTitle "EXT 2023"]
[Source "ChessBase"]
[SourceDate "2022.10.05"]
[SourceVersion "1"]
[SourceVersionDate "2022.10.05"]
[SourceQuality "1"]

1. b3 Nf6 2. Bb2 d5 3. Nf3 e6 4. g3 Be7 5. Bg2 0-0 6. 0-0 b6 7. c4 Bb7 8. cxd5 exd5 9. Ne5 Nbd7 10. Nxd7 Qxd7 11. d4 Rac8 12. Nc3 c5 13. e3 Rfd8 14. dxc5 bxc5 15. Ne2 Ba6 16. Re1 c4 17. Rc1 Bb4 18. Bc3 Ba3 19. Rc2 Ne4 20. Ba5 cxb3 21. Rxc8 Rxc8 22. Bxe4 bxa2 23. Qxd5 Qxd5 24. Bxd5 Bxe2 25. Bxa2 Bc4 26. Bxc4 Rxc4 27. Ra1 Bc5 28. Rb1 g6 29. Rb7 Kg7 30. Rc7 Rc1+ 31. Kg2 Rc2 32. Bb4 Rc4 33. Bxc5 a5 34. Bd4+ 1-0

[Event "Titled Tuesday intern op 30th Aug Early"]
[Site "Chess.com INT"]
[Date "2022.08.30"]
[Round "6"]
[White "Chernomordik, Pavel"]
[Black "Oglaza, Oskar"]
[Result "1-0"]
[WhiteElo "2200"]
[BlackElo "2304"]
[PlyCount "55"]
[EventDate "2022.08.30"]
[EventType "swiss (blitz)"]
[EventRounds "11"]
[EventCountry "USA"]
[SourceTitle "EXT 2023"]
[Source "ChessBase"]
[SourceDate "2022.10.05"]
[SourceVersion "1"]
[SourceVersionDate "2022.10.05"]
[SourceQuality "1"]

1. e4 c5 2. Nc3 Nc6 3. Bb5 Nd4 4. Bc4 e6 5. Nge2 g6 6. Nxd4 cxd4 7. Ne2 Bg7 8. c3 dxc3 9. dxc3 Nf6 10. e5 Ng4 11. f4 Qh4+ 12. g3 Qh3 13. Nd4 Nxh2 14. Qd3 Qg2 15. Rxh2 Qxh2 16. Qf3 Qg1+ 17. Bf1 Qh2 18. Bg2 h5 19. Be3 h4 20. Ne2 hxg3 21. Nxg3 Qh7 22. 0-0-0 Qg8 23. Ne4 Qf8 24. Nd6+ Kd8 25. Qf2 b5 26. Bxa8 Ba6 27. Bxa7 Qe7 28. Qb6# 1-0

[Event "Titled Tuesday intern op 30th Aug Early"]
[Site "Chess.com INT"]
[Date "2022.08.30"]
[Round "4"]
[White "Oglaza, Oskar"]
[Black "Mirimanian, Hayk"]
[Result "0-1"]
[WhiteElo "2304"]
[BlackElo "2228"]
[PlyCount "95"]
[EventDate "2022.08.30"]
[EventType "swiss (blitz)"]
[EventRounds "11"]
[EventCountry "USA"]
[SourceTitle "EXT 2023"]
[Source "ChessBase"]
[SourceDate "2022.10.05"]
[SourceVersion "1"]
[SourceVersionDate "2022.10.05"]
[SourceQuality "1"]

1. e4 c5 2. Nf3 d6 3. d4 cxd4 4. Qxd4 a6 5. Be2 Nc6 6. Qe3 Bg4 7. h3 Bxf3 8. Bxf3 g6 9. 0-0 Nf6 10. c4 Bg7 11. Nc3 Nd7 12. b3 Nd4 13. Bd1 0-0 14. Bb2 b5 15. cxb5 Nxb5 16. Nxb5 Bxb2 17. Rb1 Bg7 18. Nd4 Qb6 19. Nc2 Qa5 20. a3 Rfc8 21. b4 Qb5 22. Nd4 Qb6 23. Nc2 Rc3 24. Qxb6 Nxb6 25. Ra1 Rac8 26. Ra2 Rd3 27. Ne3 Bd4 28. Nc2 Rd2 29. a4 Bxf2+ 30. Rxf2 Rxd1+ 31. Kh2 Rd3 32. b5 axb5 33. axb5 Rc5 34. Nb4 Rb3 35. Nc6 Kf8 36. Ra6 Rbxb5 37. Nd4 Rb1 38. Rfa2 Re5 39. Re2 Rc5 40. Rc2 Rxc2 41. Nxc2 Nd7 42. Nd4 Nc5 43. Ra8+ Kg7 44. Nc6 e6 45. Ne7 Nxe4 46. Rg8+ Kf6 47. Rd8 Kxe7 48. Rh8 0-1

[Event "POL-ch U20"]
[Site "Ustron"]
[Date "2019.11.29"]
[Round "8"]
[White "Oglaza, Oskar"]
[Black "Trybus, Daniel"]
[Result "1-0"]
[WhiteElo "2360"]
[BlackElo "1862"]
[PlyCount "43"]
[EventDate "2019.11.23"]
[EventType "swiss"]
[EventRounds "9"]
[EventCountry "POL"]
[SourceTitle "CBM 193 Extra"]
[Source "ChessBase"]
[SourceDate "2020.01.31"]
[SourceVersion "1"]
[SourceVersionDate "2020.01.31"]
[SourceQuality "1"]

1. e4 c6 2. d4 d5 3. Nc3 dxe4 4. Nxe4 Nf6 5. Nxf6+ gxf6 6. c3 Qd5 7. Nf3 Bf5 8. Be2 Rg8 9. Nh4 Be4 10. f3 Qh5 11. g3 Bg6 12. Qb3 b6 13. Be3 e6 14. 0-0-0 Bd6 15. Rhe1 Nd7 16. f4 Qa5 17. Bf3 Bh5 18. d5 Bxf3 19. dxe6 Bd5 20. exd7+ Kd8 21. c4 Be4 22. Bd2 1-0

[Event "POL-ch U20"]
[Site "Ustron"]
[Date "2019.11.26"]
[Round "5"]
[White "Sernecki, Franciszek"]
[Black "Oglaza, Oskar"]
[Result "1/2-1/2"]
[WhiteElo "2285"]
[BlackElo "2360"]
[PlyCount "87"]
[EventDate "2019.11.23"]
[EventType "swiss"]
[EventRounds "9"]
[EventCountry "POL"]
[SourceTitle "CBM 193 Extra"]
[Source "ChessBase"]
[SourceDate "2020.01.31"]
[SourceVersion "1"]
[SourceVersionDate "2020.01.31"]
[SourceQuality "1"]

1. d4 f5 2. Nf3 Nf6 3. g3 g6 4. Bg2 Bg7 5. 0-0 0-0 6. c4 d6 7. Nc3 e6 8. b4 Nc6 9. a3 e5 10. d5 Ne7 11. e4 h6 12. Bb2 g5 13. exf5 Bxf5 14. c5 Ng6 15. cxd6 cxd6 16. Nd2 Qd7 17. Nce4 Rad8 18. Rc1 Bh3 19. Nxf6+ Rxf6 20. Ne4 Rff8 21. Rc3 Bxg2 22. Kxg2 Qf5 23. Qf3 Qd7 24. Qe2 Rf4 25. Kg1 Rf7 26. Rfc1 Qh3 27. Rc7 Rdd7 28. Rxd7 Rxd7 29. a4 Qf5 30. b5 Ne7 31. Ba3 Qg6 32. a5 Nf5 33. Rc8+ Kh7 34. Bb2 Nd4 35. Bxd4 exd4 36. Re8 Be5 37. Qc2 Kg7 38. Qc8 Qf7 39. Re6 Rc7 40. Qd8 g4 41. Ng5 hxg5 42. Qxg5+ Kf8 43. Qd8+ Kg7 44. Qg5+ 1/2-1/2

[Event "POL-ch U20"]
[Site "Ustron"]
[Date "2019.11.25"]
[Round "3"]
[White "Karolczuk, Iwo"]
[Black "Oglaza, Oskar"]
[Result "0-1"]
[WhiteElo "1982"]
[BlackElo "2360"]
[PlyCount "144"]
[EventDate "2019.11.23"]
[EventType "swiss"]
[EventRounds "9"]
[EventCountry "POL"]
[SourceTitle "CBM 193 Extra"]
[Source "ChessBase"]
[SourceDate "2020.01.31"]
[SourceVersion "1"]
[SourceVersionDate "2020.01.31"]
[SourceQuality "1"]

1. d4 Nf6 2. Nf3 e6 3. e3 b6 4. Bd3 Bb7 5. 0-0 c5 6. c4 Be7 7. Nc3 0-0 8. d5 exd5 9. cxd5 d6 10. e4 Nbd7 11. a4 a6 12. h3 Re8 13. Bf4 Bf8 14. Nd2 Ne5 15. Be2 Rc8 16. Bh2 Qc7 17. f4 Ned7 18. Bc4 Kh8 19. Re1 Ng8 20. Nf3 f6 21. Qd3 Nh6 22. Re2 Nf7 23. Rf1 g6 24. h4 Bg7 25. Qd2 Qd8 26. g4 h6 27. h5 g5 28. f5 Nfe5 29. Bxe5 Nxe5 30. Nxe5 Rxe5 31. Qd3 Ra8 32. Rb1 Qc7 33. b3 Bf8 34. Reb2 Be7 35. Kg2 Bd8 36. Kf3 Re8 37. Nd1 Qe7 38. Qe3 Bc7 39. Rd2 Bc8 40. b4 cxb4 41. Rxb4 Bd7 42. Ra2 b5 43. axb5 Bb6 44. Qe2 a5 45. Rba4 Qe5 46. Bd3 Qf4+ 47. Kg2 Rec8 48. Ra1 Rc5 49. Ne3 Rc3 50. Nd1 Rxd3 51. Qxd3 Bxb5 52. Qxb5 Qxg4+ 53. Kf1 Qg1+ 54. Ke2 g4 55. R4a3 Rb8 56. Qd3 Qg2+ 57. Ke1 Re8 58. R1a2 Rxe4+ 59. Re2 Qg1+ 60. Kd2 Rd4 61. Qxd4 Qxd4+ 62. Rd3 Qf4+ 63. Ke1 g3 64. Rb3 Qh4 65. Re8+ Kg7 66. Rxb6 g2+ 67. Ke2 Qg4+ 68. Kd3 Qxd1+ 69. Kc3 Kf7 70. Reb8 Qf3+ 71. Kc4 Qe2+ 72. Kc3 Qe3+ 0-1

[Event "POL-ch U20"]
[Site "Ustron"]
[Date "2019.11.23"]
[Round "1"]
[White "Jarzebowski, Kacper"]
[Black "Oglaza, Oskar"]
[Result "1/2-1/2"]
[WhiteElo "2079"]
[BlackElo "2360"]
[PlyCount "120"]
[EventDate "2019.11.23"]
[EventType "swiss"]
[EventRounds "9"]
[EventCountry "POL"]
[SourceTitle "CBM 193 Extra"]
[Source "ChessBase"]
[SourceDate "2020.01.31"]
[SourceVersion "1"]
[SourceVersionDate "2020.01.31"]
[SourceQuality "1"]

1. c4 Nf6 2. Nc3 e5 3. Nf3 Nc6 4. g3 Bc5 5. Bg2 0-0 6. 0-0 d6 7. d3 h6 8. Bd2 a6 9. a3 Re8 10. b4 Bb6 11. Nd5 Nxd5 12. cxd5 Ne7 13. Qb3 c6 14. dxc6 bxc6 15. Rac1 Be6 16. Qb2 Qd7 17. d4 e4 18. Ne1 f5 19. Nc2 Reb8 20. f3 d5 21. Na1 Nc8 22. Nb3 Nd6 23. Bf4 Nc4 24. Rxc4 dxc4 25. Bxb8 cxb3 26. Be5 Qd5 27. e3 exf3 28. Bxf3 Qb5 29. Rc1 Rc8 30. Be2 Qa4 31. Bc4 Bxc4 32. Rxc4 a5 33. Rc3 axb4 34. Qxb3+ Qxb3 35. Rxb3 c5 36. axb4 c4 37. Rc3 Kf7 38. Kf2 g6 39. e4 Ke6 40. Kf3 Bd8 41. Bg7 Bg5 42. Rc2 Rc7 43. d5+ Kd6 44. Bf8+ Ke5 45. exf5 Rf7 46. h4 Rxf5+ 47. Ke2 Rxf8 48. hxg5 Kxd5 49. gxh6 Rh8 50. Ke3 Rxh6 51. Ra2 Rh3 52. Ra5+ Ke6 53. Kf4 Rh2 54. Rc5 Rc2 55. Kg5 Kd6 56. g4 c3 57. Kxg6 Rg2 58. g5 c2 59. Kf6 Rf2+ 60. Kg7 Rf5 1/2-1/2

[Event "Rubinstein Memorial-A 55th"]
[Site "Polanica Zdroj"]
[Date "2019.08.24"]
[Round "8"]
[White "Oglaza, Oskar"]
[Black "Lewtak, Damian"]
[Result "1/2-1/2"]
[WhiteElo "2367"]
[BlackElo "2354"]
[PlyCount "108"]
[EventDate "2019.08.17"]
[EventType "swiss"]
[EventRounds "9"]
[EventCountry "POL"]
[SourceTitle "EXT 2020"]
[Source "ChessBase"]
[SourceDate "2019.10.17"]
[SourceVersion "1"]
[SourceVersionDate "2019.10.17"]
[SourceQuality "1"]

1. d4 d5 2. Nf3 e6 3. c4 c6 4. Nc3 f5 5. Ne5 Nd7 6. Bf4 Nxe5 7. Bxe5 Nf6 8. e3 Bb4 9. Bd3 0-0 10. 0-0 a5 11. c5 Bxc3 12. bxc3 Rf7 13. Bxf6 Qxf6 14. f4 Bd7 15. Rb1 Be8 16. Qf3 Qh4 17. Rb6 Ra7 18. Rb2 Re7 19. g3 Qh3 20. Be2 Rd7 21. Kh1 Bg6 22. Rfb1 Rc7 23. Qg2 Qh6 24. Qf3 Qh3 25. Qf2 Bh5 26. Bf1 Qg4 27. Bg2 Qg6 28. h3 Qf7 29. Bf1 Qf6 30. Bd3 Rf7 31. Rg1 Qh6 32. Qf1 Ra8 33. Rh2 Qf6 34. g4 Bg6 35. g5 Qd8 36. Qf3 b6 37. cxb6 Rb7 38. Rb2 Rab8 39. Rgb1 Rxb6 40. Qe2 Rxb2 41. Rxb2 h6 42. h4 hxg5 43. fxg5 Rxb2 44. Qxb2 Qc7 45. Qh2 Qf7 46. Qb8+ Kh7 47. Qd6 f4 48. Bxg6+ Qxg6 49. exf4 Qb1+ 50. Kg2 Qxa2+ 51. Kg3 Qc4 52. Qxe6 Qxc3+ 53. Kg4 Qxd4 54. Qf5+ g6 1/2-1/2

[Event "Rubinstein Memorial-A 55th"]
[Site "Polanica Zdroj"]
[Date "2019.08.22"]
[Round "6"]
[White "Oglaza, Oskar"]
[Black "Jaroch, Karol"]
[Result "1/2-1/2"]
[WhiteElo "2367"]
[BlackElo "2231"]
[PlyCount "62"]
[EventDate "2019.08.17"]
[EventType "swiss"]
[EventRounds "9"]
[EventCountry "POL"]
[SourceTitle "EXT 2020"]
[Source "ChessBase"]
[SourceDate "2019.10.17"]
[SourceVersion "1"]
[SourceVersionDate "2019.10.17"]
[SourceQuality "1"]

1. e4 e6 2. d4 d5 3. Nc3 Bb4 4. e5 c5 5. a3 Bxc3+ 6. bxc3 Ne7 7. Qg4 Kf8 8. Qd1 Qc7 9. Nf3 Bd7 10. Bd3 Ba4 11. 0-0 h6 12. h4 Nd7 13. h5 Rc8 14. Ra2 Qa5 15. Bd2 Qb6 16. Be3 Qa5 17. Qb1 c4 18. Be2 Ke8 19. Qe1 Kd8 20. Nh4 Kc7 21. f4 g6 22. hxg6 fxg6 23. Bg4 Qb6 24. Bh3 Rcg8 25. Nf3 Nf8 26. g4 h5 27. g5 Nf5 28. Bf2 Rh7 29. Nd2 Qa5 30. Nf3 Qb6 31. Nd2 Qa5 1/2-1/2